000 00478nam a2200181 4500
999 _c168904
_d168904
005 20191031111547.0
010 _aENG-126757
020 _a9789350330753
_c250.00
035 _aEN-110289
037 _bDBAD/PUB
082 _aN
100 _aEliot, George
245 _aThe mill on the floss /
_cby George Eliot
260 _aNoida
_bMaple Press
_c2013
270 _aA-63, Sector 58
_bNoida
_e201301
_k911204553581
300 _a471p.
_c21cm(pbk)
942 _2ddc
_cEN
_hN
_mELI